000 00307 a2200145 4500
001 148728
040 _cEscola São Tomás de Aquino
240 1 0 _aDuas vezes pai
_lpor
245 1 0 _aDuas vezes pai
300 _a19
362 0 _a2009
440 1 _aFormato
697 _a*LITERATURA INFANTO
942 _cBK
999 _c148728
_d148728